| 000 | 01115cam a2200265Ia 4500 | ||
|---|---|---|---|
| 999 |
_c157 _d157 |
||
| 020 | _a9780868867984 | ||
| 020 | _a0868867985 | ||
| 050 | 4 |
_aHD9426 _b.S93 SWA |
|
| 100 | _aSwanepoel, Frans (editor) | ||
| 245 | 0 | 4 |
_aThe role of livestock in developing communities : _benhancing multifunctionality / _ceditors, Frans Swanepoel, Aldo Stroebel, Siboniso Moyo. |
| 260 |
_aBloemfontein, South Africa : _bUFS and CTA, _c2010. |
||
| 300 |
_axvi, 213 p, 6 p. of plates. : _bcol. ill. ; _c30 cm. |
||
| 500 | _aINCLUDES BIBLIOGRAPHIC REFERENCE | ||
| 500 | _a"The Symposium, jointly organized by the University of the Free State (UFS) and the International Livestock Research Institute (ILRI) ..."--Foreword. | ||
| 650 | 0 | _aLivestock projects | |
| 650 | 0 | _aLivestock | |
| 700 | 1 | _aSwanepoel, Frans. | |
| 700 | 1 | _aStroebel, Aldo. | |
| 700 | 1 | _aMoyo, Siboniso. | |
| 710 | 2 | _aUniversity of the Free State. | |
| 710 | 2 | _aInternational Livestock Research Institute. | |
| 710 | 2 | _aTechnical Centre for Agricultural and Rural Cooperation (Ede, Netherlands) | |
| 711 | 2 | _aWorld Conference on Animal Production | |
| 942 | _cBK | ||